[Event "Landesklasse West 2011/2012"]
[Site "?"]
[Date "2011.02.05"]
[Round "6"]
[White "Petiko, Nikolai"]
[Black "Löffelholz, Christian"]
[Result "1-0"]
[WhiteElo "1965"]
[BlackElo "1715"]
[PlyCount "105"]
[EventDate "2011.??.??"]
[WhiteTeam "SV Breitenworbis"]
[BlackTeam "Schachclub Rochade Leinefelde"]

1. e4 c5 2. d3 d6 3. g3 Nc6 4. Bg2 Nf6 5. h3 h6 6. Ne2 e6 7. O-O Bd7 8. c3 Qc7
9. Be3 d5 10. f4 O-O-O 11. e5 Nh7 12. a3 f6 13. d4 c4 14. b3 cxb3 15. Qxb3 Na5
16. Qa2 Nc4 17. Bf2 g5 18. Nd2 Bb5 19. Rfe1 Kb8 20. a4 Ba6 21. Nb3 Na5 22. Nc5
Bxc5 23. dxc5 Bc4 24. Qa3 fxe5 25. fxe5 Bxe2 26. Rxe2 Nc4 27. Qb3 Nf8 28. Bd4
Nd7 29. Qb4 Rhf8 30. Rae1 Rc8 31. Qb1 Nxc5 32. Qg6 Qf7 33. Qxh6 Rg8 34. Rf1 Qg6
35. Qxg6 Rxg6 36. Rf6 Rxf6 37. exf6 b6 38. Bxc5 bxc5 39. Rxe6 Rf8 40. Bxd5 Nb6
41. Bc6 Kc7 42. Be8 Nd5 43. f7 Nxc3 44. Rc6+ Kd8 45. Rxc5 Ne4 46. Rd5+ Kc8 47.
Kg2 Nf6 48. Re5 g4 49. h4 Kd8 50. Re6 Nxe8 51. Rxe8+ Rxe8 52. fxe8=Q+ Kxe8 53.
Kf2 1-0

[Event "Landesklasse West 2011/2012"]
[Site "?"]
[Date "2011.02.05"]
[Round "6"]
[White "Stöber, Guido"]
[Black "Vergin, Marcel"]
[Result "0-1"]
[WhiteElo "1505"]
[BlackElo "1537"]
[PlyCount "116"]
[EventDate "2011.??.??"]
[WhiteTeam "Schachclub Rochade Leinefelde"]
[BlackTeam "SV Breitenworbis"]

1. e4 c5 2. Nf3 a6 3. d4 cxd4 4. Nxd4 Nf6 5. Nc3 e5 6. Nf3 Bb4 7. Bg5 Qc7 8.
Bd2 d6 9. Bd3 b5 10. Nd5 Nxd5 11. exd5 Bxd2+ 12. Qxd2 O-O 13. O-O-O Bb7 14. Be2
Nd7 15. Ng5 Nf6 16. Bf3 h6 17. Ne4 Nxd5 18. Nxd6 Qxd6 19. Bxd5 Bxd5 20. Qxd5
Qc7 21. Rhe1 Rac8 22. Qb3 Rfe8 23. Rd5 e4 24. g3 Qc4 25. Qxc4 Rxc4 26. Rd6 Rec8
27. Re2 a5 28. Red2 R4c5 29. R6d4 f5 30. Rd7 Kh7 31. Ra7 a4 32. Kb1 Re5 33.
Rdd7 Rg8 34. Re7 Rxe7 35. Rxe7 Rd8 36. Kc1 Rd5 37. Rc7 f4 38. Re7 fxg3 39. hxg3
Rf5 40. Rxe4 Rxf2 41. g4 Rg2 42. Rb4 g5 43. b3 axb3 44. axb3 Kg6 45. c3 h5 46.
gxh5+ Kxh5 47. Rxb5 Kh4 48. c4 g4 49. c5 g3 50. c6 Rf2 51. Rb4+ Kh5 52. Rb5+
Kh6 53. Rb8 Kh7 54. c7 g2 55. Rh8+ Kg7 56. Rg8+ Kxg8 57. c8=Q+ Kg7 58. Qc7+ Kf8
0-1

[Event "Landesklasse West 2011/2012"]
[Site "?"]
[Date "2011.02.05"]
[Round "6"]
[White "Geißhirt, Marco"]
[Black "August, Daniel"]
[Result "1-0"]
[WhiteElo "1846"]
[BlackElo "1839"]
[PlyCount "131"]
[EventDate "2011.??.??"]
[WhiteTeam "SG Barchfeld/Breitungen"]
[BlackTeam "TSG Ruhla"]

1. d4 d6 2. Nf3 Nf6 3. b3 Bg4 4. Nbd2 e6 5. e3 Be7 6. Bd3 d5 7. O-O O-O 8. c4
c6 9. Qc2 Bh5 10. Bb2 Bg6 11. Bxg6 hxg6 12. e4 Nbd7 13. e5 Ng4 14. h3 Nh6 15.
Rfc1 Nf5 16. a4 a5 17. cxd5 exd5 18. Re1 Re8 19. e6 fxe6 20. Rxe6 Nf8 21. Re2
Bb4 22. Rae1 Rxe2 23. Rxe2 Nh4 24. Nxh4 Qxh4 25. Nf3 Qf6 26. Ne5 Qf5 27. g4
Qxc2 28. Rxc2 Kh7 29. Re2 Ne6 30. Nd3 Ng5 31. h4 Nf3+ 32. Kg2 Rf8 33. Nxb4 axb4
34. Kg3 g5 35. h5 Rf4 36. a5 Nxd4 37. Re7 c5 38. Rxb7 Rf3+ 39. Kg2 Rxb3 40. Bc1
Ne6 41. a6 Rb1 42. a7 Ra1 43. Bb2 Ra2 44. Be5 c4 45. Re7 Nf4+ 46. Kg3 c3 47.
Rxg7+ Kh6 48. Rc7 c2 49. Rxc2 Rxa7 50. Bxf4 gxf4+ 51. Kxf4 Rf7+ 52. Kg3 b3 53.
Rc6+ Kg7 54. Rb6 Rc7 55. Rxb3 d4 56. Kf3 Kh6 57. Rd3 Kg5 58. Rxd4 Rc3+ 59. Kg2
Ra3 60. f3 Kh4 61. h6 Ra2+ 62. Kf1 Rh2 63. Rd5 Kg3 64. Rh5 Rf2+ 65. Ke1 Kf4 66.
h7 1-0

[Event "Landesklasse West 2011/2012"]
[Site "?"]
[Date "2011.02.05"]
[Round "6"]
[White "Fink, Klaus"]
[Black "Kaiser, Andre"]
[Result "0-1"]
[WhiteElo "1961"]
[BlackElo "1814"]
[PlyCount "84"]
[EventDate "2011.??.??"]
[WhiteTeam "TSG Ruhla"]
[BlackTeam "SG Barchfeld/Breitungen"]

1. c4 e5 2. Nc3 Nf6 3. g3 d5 4. cxd5 Nxd5 5. Bg2 Nb6 6. d3 Be7 7. Nf3 Nc6 8.
O-O O-O 9. a3 Be6 10. b4 a6 11. Bb2 f6 12. Na4 Nxa4 13. Qxa4 Qd7 14. Rfe1 a5
15. b5 Na7 16. Nd2 Bd5 17. Bxd5+ Qxd5 18. Qc4 Qxc4 19. dxc4 a4 20. Rad1 c6 21.
Nb1 cxb5 22. Rd7 Bc5 23. Rc7 b6 24. Rd1 Rfd8 25. Rd5 Rxd5 26. cxd5 Nc8 27. Bc3
Nd6 28. Rd7 Rc8 29. Bd2 Ne4 30. Kg2 Nxd2 31. Nxd2 Bxa3 32. d6 Bc5 33. Rc7 Rd8
34. d7 Kf7 35. Ne4 Ke6 36. Nxc5+ bxc5 37. Rxc5 Rxd7 38. Rxb5 Ra7 39. e4 a3 40.
Rb6+ Ke7 41. Rb1 a2 42. Ra1 Kd6 0-1

[Event "Landesklasse West 2011/2012"]
[Site "?"]
[Date "2011.02.05"]
[Round "6"]
[White "Rommel, Uwe"]
[Black "Kirsch, Uwe"]
[Result "1-0"]
[WhiteElo "1861"]
[BlackElo "1863"]
[PlyCount "75"]
[EventDate "2011.??.??"]
[WhiteTeam "SG Barchfeld/Breitungen"]
[BlackTeam "TSG Ruhla"]

1. Nf3 Nf6 2. c4 g6 3. d4 Bg7 4. Nc3 O-O 5. e4 d6 6. Be2 Nbd7 7. O-O e5 8. d5
h6 9. Nd2 Nh7 10. b4 a5 11. Ba3 f5 12. f3 Rf7 13. Nb3 axb4 14. Bxb4 b6 15. a4
Nc5 16. a5 Nxb3 17. Qxb3 Rb8 18. axb6 cxb6 19. Nb5 Bf8 20. Ra4 Nf6 21. exf5
gxf5 22. Rfa1 Bb7 23. Qa3 Ne8 24. Qe3 f4 25. Qf2 Rg7 26. Ra7 Be7 27. Be1 Bc8
28. Ra8 Bh3 29. Rxb8 Qxb8 30. Bf1 Bd8 31. Qa2 Nc7 32. Qa7 Qxa7 33. Rxa7 Nxb5
34. Ra8 Nd4 35. Rxd8+ Kf7 36. Rxd6 Bxg2 37. Rd7+ Kf6 38. Bh4+ 1-0

[Event "Landesklasse West 2011/2012"]
[Site "?"]
[Date "2011.02.05"]
[Round "6"]
[White "Thrän, Uwe"]
[Black "Reum, Lutz"]
[Result "0-1"]
[WhiteElo "1800"]
[BlackElo "1859"]
[PlyCount "116"]
[EventDate "2011.??.??"]
[WhiteTeam "TSG Ruhla"]
[BlackTeam "SG Barchfeld/Breitungen"]

1. d4 Nf6 2. c4 e6 3. Nc3 Bb4 4. e3 O-O 5. Bd3 d5 6. Nf3 c5 7. O-O Qc7 8. Nb5
Qe7 9. a3 Ba5 10. dxc5 dxc4 11. Bxc4 Qxc5 12. Qe2 Bb6 13. b4 Qe7 14. Bb2 a6 15.
Nc3 Nc6 16. h3 Bd7 17. Rfd1 Rfd8 18. Bb3 Be8 19. Bc2 Rxd1+ 20. Rxd1 Rd8 21. Rd3
Rxd3 22. Qxd3 Bc7 23. Ne4 Nxe4 24. Qxe4 g6 25. Qd3 e5 26. Nd2 Bd7 27. Ne4 Bf5
28. Qc3 Bxe4 29. Bxe4 Qd6 30. Qd3 Qxd3 31. Bxd3 Kf8 32. b5 axb5 33. Bxb5 Ke7
34. a4 Kd6 35. Kf1 Ba5 36. Ke2 Na7 37. Ba3+ Kd5 38. Be8 Ke6 39. Kd3 f5 40. f3
Nc6 41. Bxc6 bxc6 42. e4 Kd7 43. Kc4 Bd2 44. Bb4 Be3 45. a5 Kc7 46. Bc5 f4 47.
Bxe3 fxe3 48. Kd3 Kb7 49. Kxe3 Ka6 50. Kd3 Kxa5 51. Kc4 Kb6 52. h4 h6 53. f4
exf4 54. Kd4 g5 55. hxg5 hxg5 56. Ke5 c5 57. Kd5 g4 58. e5 Kc7 0-1

[Event "Landesklasse West 2011/2012"]
[Site "?"]
[Date "2011.02.05"]
[Round "6"]
[White "Crivellaro, Heiko"]
[Black "Büchel, Bernd"]
[Result "1-0"]
[WhiteElo "1775"]
[BlackElo "1801"]
[PlyCount "81"]
[EventDate "2011.??.??"]
[WhiteTeam "SG Barchfeld/Breitungen"]
[BlackTeam "TSG Ruhla"]

1. f4 d5 2. Nf3 Nf6 3. e3 g6 4. Be2 Bg7 5. O-O O-O 6. d3 c5 7. c3 Nc6 8. Qe1
Qc7 9. Nbd2 Ng4 10. Nb3 b6 11. e4 d4 12. h3 dxc3 13. bxc3 Nf6 14. e5 Nd5 15. a3
e6 16. Ng5 f6 17. exf6 Bxf6 18. Bd2 h6 19. Ne4 Bg7 20. Qg3 Nce7 21. Rf2 Bd7 22.
Raf1 Kh7 23. Rf3 e5 24. Qh4 Nf5 25. Qe1 Be6 26. Nc1 Nfe7 27. g4 Qd7 28. Qh4 Kg8
29. fxe5 g5 30. Bxg5 Rxf3 31. Rxf3 Ng6 32. Qh5 Nxe5 33. Nf6+ Bxf6 34. Rxf6 Bf7
35. Qxh6 Re8 36. Be3 Qe7 37. Qg5+ Kh8 38. Rf5 Qxg5 39. Bxg5 Be6 40. Bf6+ Kh7
41. Rh5+ 1-0

[Event "Landesklasse West 2011/2012"]
[Site "?"]
[Date "2011.02.05"]
[Round "6"]
[White "Hagen, Matthias"]
[Black "Heß, Wolfgang"]
[Result "0-1"]
[WhiteElo "1638"]
[BlackElo "1738"]
[PlyCount "118"]
[EventDate "2011.??.??"]
[WhiteTeam "TSG Ruhla"]
[BlackTeam "SG Barchfeld/Breitungen"]

1. e4 d5 2. exd5 Qxd5 3. Nc3 Qa5 4. d4 Nf6 5. Bd2 c6 6. Nf3 Bg4 7. Bc4 Qf5 8.
Be2 Ne4 9. Nxe4 Qxe4 10. Be3 Qd5 11. O-O e6 12. c4 Qd8 13. Ne5 Bxe2 14. Qxe2
Nd7 15. Rad1 Be7 16. f4 O-O 17. f5 exf5 18. Rxf5 Qc7 19. Bf4 Bd6 20. c5 Bxe5
21. Bxe5 Nxe5 22. Rxe5 Rad8 23. Qc4 Qxe5 24. dxe5 Rxd1+ 25. Kf2 Re8 26. Qb3 Rd7
27. h3 Ree7 28. Qc3 Rd5 29. Qa5 a6 30. Qb6 g6 31. a4 Rdxe5 32. Qd8+ Kg7 33. Qd4
f6 34. Kf3 Rd5 35. Qb4 Red7 36. Kg3 h5 37. Qc4 Rg5+ 38. Kf3 Rf5+ 39. Kg3 g5 40.
Qe2 h4+ 41. Kh2 Rxc5 42. Qe6 Rcd5 43. Qe2 Re5 44. Qg4 Rde7 45. b3 Re3 46. Qb4
Rd7 47. Qc5 Re2 48. Qb6 Kg6 49. Qc5 Rdd2 50. Qf8 Rxg2+ 51. Kh1 Rge2 52. Qg8+
Kf5 53. Qc8+ Ke4 54. Qe6+ Kd3 55. Qc4+ Ke3 56. Qc5+ Kf4 57. Qc4+ Ke5 58. Qc3+
Kf5 59. Qc1 Rh2+ 0-1

[Event "Landesklasse West 2011/2012"]
[Site "?"]
[Date "2011.02.05"]
[Round "6"]
[White "Abe, Rico"]
[Black "Voß, Ewald"]
[Result "0-1"]
[WhiteElo "1723"]
[BlackElo "1648"]
[PlyCount "40"]
[EventDate "2011.??.??"]
[WhiteTeam "SG Barchfeld/Breitungen"]
[BlackTeam "TSG Ruhla"]

1. e4 e5 2. Nf3 Nc6 3. Bc4 Bc5 4. c3 Nf6 5. d4 exd4 6. e5 O-O 7. exf6 Re8+ 8.
Be2 Qxf6 9. O-O h6 10. cxd4 Nxd4 11. Nc3 c6 12. Re1 d5 13. Na4 Rxe2 14. Rxe2
Nxf3+ 15. Kh1 Bg4 16. Nxc5 Qd6 17. g3 Qxc5 18. Qc2 Qd6 19. Bf4 Qf6 20. Qc5 Nd4
0-1

[Event "Landesklasse West 2011/2012"]
[Site "?"]
[Date "2011.02.05"]
[Round "6"]
[White "Brückmann, Volker"]
[Black "Kleinsteuber, Erik"]
[Result "1-0"]
[WhiteElo "1750"]
[BlackElo "1631"]
[PlyCount "69"]
[EventDate "2011.??.??"]
[WhiteTeam "TSG Ruhla"]
[BlackTeam "SG Barchfeld/Breitungen"]

1. c4 f5 2. d4 g6 3. g3 Bg7 4. Bg2 Nf6 5. Nc3 c6 6. Nf3 d6 7. O-O O-O 8. Bf4 a5
9. Qc1 Na6 10. Bh6 Be6 11. b3 Qd7 12. Bxg7 Kxg7 13. Qb2 Rfc8 14. Na4 Qc7 15.
Rac1 c5 16. Ng5 Bf7 17. e4 fxe4 18. dxc5 Nxc5 19. Nxc5 Qxc5 20. Nxe4 Qb6 21.
Nxf6 exf6 22. Rfe1 Re8 23. Rxe8 Rxe8 24. Qd2 Qc7 25. Rd1 Rd8 26. Qf4 b6 27. h4
Qd7 28. g4 h6 29. g5 hxg5 30. hxg5 Qe6 31. Qd4 Qe5 32. gxf6+ Qxf6 33. Qxb6 Rf8
34. Qxd6 Be6 35. Qd4 1-0

[Event "Landesklasse West 2011/2012"]
[Site "?"]
[Date "2011.03.04"]
[Round "7"]
[White "Klingler, Lutz"]
[Black "Lehmann, Peter"]
[Result "1-0"]
[WhiteElo "1957"]
[BlackElo "1908"]
[PlyCount "91"]
[EventDate "2011.??.??"]
[WhiteTeam "SV Schmalkalden 04"]
[BlackTeam "ESV Lok Meiningen"]

1. f4 e6 2. Nf3 c5 3. e3 Nc6 4. b3 Nf6 5. Bb2 d5 6. Bb5 Bd7 7. O-O Nb4 8. Bxd7+
Nxd7 9. d3 Qc7 10. a3 Nc6 11. c4 dxc4 12. bxc4 Nf6 13. Nbd2 Be7 14. Ne5 h5 15.
Ndf3 Nxe5 16. Bxe5 Qd7 17. Qe2 g6 18. Qb2 Qd8 19. Qxb7 O-O 20. Rad1 Ng4 21.
Rfe1 f6 22. Bc3 Qd6 23. Qb2 Rab8 24. Qc2 Qa6 25. a4 Kf7 26. h3 Nh6 27. e4 g5
28. fxg5 fxg5 29. Ne5+ Ke8 30. a5 Rb7 31. Rb1 Bd6 32. Rxb7 Qxb7 33. Rb1 Qc7 34.
Qa4+ Ke7 35. Ng6+ Kf7 36. Nxf8 Kxf8 37. Qd1 g4 38. Qf1+ Nf7 39. a6 gxh3 40. Rb7
Bh2+ 41. Kh1 hxg2+ 42. Qxg2 Qg3 43. Qxg3 Bxg3 44. Rxa7 h4 45. Rxf7+ Kxf7 46. a7
1-0

[Event "Landesklasse West 2011/2012"]
[Site "?"]
[Date "2011.03.04"]
[Round "7"]
[White "Hocke, Sebastian"]
[Black "Bamberg, Alexander"]
[Result "1-0"]
[WhiteElo "1872"]
[BlackElo "1847"]
[PlyCount "61"]
[EventDate "2011.??.??"]
[WhiteTeam "ESV Lok Meiningen"]
[BlackTeam "SV Schmalkalden 04"]

1. e4 c5 2. Nf3 d6 3. d4 cxd4 4. Nxd4 Nf6 5. Nc3 g6 6. Be3 Bg7 7. f3 O-O 8. Qd2
Nc6 9. O-O-O Bd7 10. h4 a6 11. g4 h5 12. Kb1 hxg4 13. Be2 gxf3 14. Bxf3 Ng4 15.
Bg1 Nce5 16. h5 Nxf3 17. Nxf3 Bh6 18. Qe2 g5 19. Nd5 Be6 20. Bb6 Qd7 21. Nc7
Nf6 22. Nxa8 Rxa8 23. e5 Nd5 24. Nxg5 Nxb6 25. Nxe6 Qxe6 26. Qg2+ Kh8 27. exd6
exd6 28. Qxb7 d5 29. Rhf1 f5 30. Rg1 Rf8 31. Rde1 1-0

[Event "Landesklasse West 2011/2012"]
[Site "?"]
[Date "2011.03.04"]
[Round "7"]
[White "Lesser, Thomas"]
[Black "Grube, Jan"]
[Result "1/2-1/2"]
[WhiteElo "1856"]
[BlackElo "1780"]
[PlyCount "83"]
[EventDate "2011.??.??"]
[WhiteTeam "SV Schmalkalden 04"]
[BlackTeam "ESV Lok Meiningen"]

1. e4 c5 2. c3 Nc6 3. d4 d5 4. dxc5 dxe4 5. Qxd8+ Kxd8 6. Be3 Nf6 7. Nd2 Bf5 8.
O-O-O Kc7 9. Ne2 h6 10. Nd4 e6 11. Nb5+ Kc8 12. Nc4 Kb8 13. Bf4+ e5 14. Nxe5
Kc8 15. Nxf7 Bg4 16. f3 exf3 17. gxf3 Bxf3 18. Bh3+ Ng4 19. Nxh8 h5 20. b4 a5
21. Bxg4+ hxg4 22. Ng6 Bxh1 23. Rxh1 Be7 24. Nxe7+ Nxe7 25. Nd6+ Kd7 26. b5 Rf8
27. Be5 Rf2 28. Rd1 Ke6 29. Bg3 Rxa2 30. Nxb7 Nd5 31. c4 Nb4 32. Rd6+ Ke7 33.
Kb1 a4 34. c6 a3 35. Be5 Re2 36. Rd1 Rxe5 37. Rc1 Re2 38. c7 Kd7 39. b6 Rb2+
40. Ka1 Ra2+ 41. Kb1 Rb2+ 42. Ka1 1/2-1/2

[Event "Landesklasse West 2011/2012"]
[Site "?"]
[Date "2011.03.04"]
[Round "7"]
[White "Von Otte, Wilhelm"]
[Black "Klein, Matthias"]
[Result "1-0"]
[WhiteElo "1849"]
[BlackElo "1788"]
[PlyCount "139"]
[EventDate "2011.??.??"]
[WhiteTeam "ESV Lok Meiningen"]
[BlackTeam "SV Schmalkalden 04"]

1. e4 d6 2. d4 Nf6 3. Nc3 c6 4. g3 Nbd7 5. Bg2 e5 6. Nge2 Be7 7. h3 O-O 8. Be3
Re8 9. O-O Qc7 10. g4 Nf8 11. Ng3 h6 12. Qd2 g5 13. Nf5 Bxf5 14. gxf5 Nh5 15.
Bf3 Nf4 16. Bxf4 gxf4 17. Kh2 Nh7 18. Rg1+ Kh8 19. Bh5 Bf6 20. d5 Rg8 21. Rad1
Rxg1 22. Rxg1 Rg8 23. Rxg8+ Kxg8 24. Qe2 Bg7 25. Qc4 Nf6 26. Bf3 Qb6 27. Kg2
cxd5 28. Nxd5 Nxd5 29. Qxd5 Qc7 30. Bh5 Qe7 31. Kf3 Qc7 32. c4 Bf6 33. b4 Bd8
34. a4 Kg7 35. Ke2 Qe7 36. a5 a6 37. Kd3 Qc7 38. Kc3 Qe7 39. Kb3 Qc7 40. Ka4
Kf6 41. Kb3 Qe7 42. Ka4 Qc7 43. Ka3 Kg7 44. Kb3 Kf6 45. Kc2 Kg7 46. Kd2 Qe7 47.
Ke1 Qc7 48. Kf1 Qe7 49. Ke2 Qc7 50. Ke1 Qe7 51. Kf1 Qc7 52. b5 axb5 53. cxb5
Qc1+ 54. Kg2 f3+ 55. Kxf3 Qc7 56. a6 bxa6 57. bxa6 f6 58. Bg6 Qe7 59. Kg4 Bb6
60. Kh5 Kf8 61. Kxh6 Qg7+ 62. Kh5 Qe7 63. f3 Bc5 64. Kg4 Qa7 65. h4 Kg7 66. h5
Kh6 67. Qd2+ Kg7 68. h6+ Kh8 69. Qd5 Bb4 70. Kh5 1-0

[Event "Landesklasse West 2011/2012"]
[Site "?"]
[Date "2011.03.04"]
[Round "7"]
[White "Weiß, Daniel"]
[Black "Weigend, Joachim"]
[Result "1/2-1/2"]
[WhiteElo "1783"]
[BlackElo "1827"]
[PlyCount "37"]
[EventDate "2011.??.??"]
[WhiteTeam "ESV Lok Meiningen"]
[BlackTeam "SV Schmalkalden 04"]

1. e4 c5 2. Nf3 a6 3. g3 e6 4. Bg2 g6 5. d4 Nf6 6. e5 Nd5 7. O-O cxd4 8. Bg5
Qb6 9. Qxd4 Bc5 10. Qh4 h6 11. Nbd2 Qb4 12. c4 Ne7 13. Ne4 Nf5 14. Qh3 Be7 15.
Bf6 Bxf6 16. Nxf6+ Kf8 17. g4 Ne7 18. Rab1 Nbc6 19. b3 1/2-1/2

[Event "Landesklasse West 2011/2012"]
[Site "?"]
[Date "2011.03.04"]
[Round "7"]
[White "Himmel, Matthias"]
[Black "Kümpel, Andreas"]
[Result "1-0"]
[WhiteElo "1564"]
[BlackElo "963"]
[PlyCount "135"]
[EventDate "2011.??.??"]
[WhiteTeam "SV Schmalkalden 04"]
[BlackTeam "ESV Lok Meiningen"]

1. d4 d5 2. Nf3 Nc6 3. e3 Nf6 4. c4 dxc4 5. Bxc4 Bf5 6. O-O e6 7. Nc3 Qd7 8.
Bb5 Rd8 9. Ne5 Qd6 10. Qf3 a6 11. Ba4 Nd7 12. g4 Ndxe5 13. dxe5 Qxe5 14. gxf5
exf5 15. Bxc6+ bxc6 16. Qxc6+ Rd7 17. Rd1 Bd6 18. f4 Qe6 19. Na4 O-O 20. Bd2
Rfd8 21. Qf3 Qg6+ 22. Kh1 h6 23. Bc3 Qe6 24. b3 Qe4 25. Qxe4 fxe4 26. Nb2 Ba3
27. Rxd7 Rxd7 28. Nc4 Rd3 29. Nxa3 Rxc3 30. Nc4 Kf8 31. Rd1 Ke7 32. Kg2 Rc2+
33. Rd2 Rc3 34. Kf2 Ke6 35. Ke2 g5 36. fxg5 hxg5 37. Kf2 f5 38. h3 Rd3 39. Rxd3
exd3 40. Ke1 Kd5 41. Kd2 Ke4 42. a3 g4 43. h4 g3 44. Ke1 Kf3 45. Kf1 Kg4 46. h5
Kxh5 47. Kg2 Kg4 48. Ne5+ Kg5 49. Nxd3 Kh4 50. b4 Kg4 51. Ne5+ Kh4 52. a4 Kg5
53. Kxg3 Kf6 54. Nd7+ Ke6 55. Nc5+ Ke5 56. Nxa6 Ke4 57. Kf2 Kd5 58. Nxc7+ Kc4
59. a5 Kxb4 60. a6 Kc4 61. a7 Kd3 62. a8=Q Kc4 63. Qd5+ Kc3 64. Ke2 Kb4 65. Kd3
Ka4 66. Qb5+ Ka3 67. Kc2 Ka2 68. Qa4# 1-0

[Event "Landesklasse West 2011/2012"]
[Site "?"]
[Date "2011.03.04"]
[Round "7"]
[White "Webel, Jannik"]
[Black "Röder, Detlef"]
[Result "1/2-1/2"]
[WhiteElo "1633"]
[BlackElo "1641"]
[PlyCount "59"]
[EventDate "2011.??.??"]
[WhiteTeam "ESV Lok Meiningen"]
[BlackTeam "SV Schmalkalden 04"]

1. d4 e6 2. c4 f5 3. Nf3 Nf6 4. e3 d5 5. b3 c6 6. Bd3 Bd6 7. O-O O-O 8. Ba3
Bxa3 9. Nxa3 Qe7 10. Nb1 Bd7 11. Ne5 Be8 12. Nd2 Nbd7 13. Nxd7 Qxd7 14. Qc2 Bf7
15. Nf3 Qe7 16. Ne5 Nd7 17. Nxd7 Qxd7 18. f4 g6 19. Qd2 Qc7 20. b4 Rfb8 21. a4
b6 22. Rfb1 Be8 23. Qc2 Rc8 24. c5 Rcb8 25. Rc1 a6 26. Rab1 b5 27. axb5 axb5
28. Ra1 Ra7 29. Ra2 Rba8 30. Rca1 1/2-1/2

[Event "Landesklasse West 2011/2012"]
[Site "?"]
[Date "2011.03.04"]
[Round "7"]
[White "Hübschmann, Holger"]
[Black "Fink, Klaus"]
[Result "1/2-1/2"]
[WhiteElo "1915"]
[BlackElo "1961"]
[PlyCount "115"]
[EventDate "2011.??.??"]
[WhiteTeam "Randspringer Bad Salzungen"]
[BlackTeam "TSG Ruhla"]

1. Nf3 d5 2. c4 d4 3. b4 f6 4. Qb3 e5 5. e3 c5 6. bxc5 Nc6 7. Ba3 Rb8 8. Be2
Bf5 9. Nh4 Be6 10. e4 Nh6 11. O-O Qc7 12. Qg3 g5 13. Bh5+ Bf7 14. Bxf7+ Qxf7
15. Nf3 Qxc4 16. Rc1 Qd3 17. Qh3 g4 18. Qh5+ Kd7 19. Ne1 Qxe4 20. d3 Qe2 21.
Qh4 Ke6 22. f3 Qe3+ 23. Qf2 Qxf2+ 24. Kxf2 Be7 25. Nd2 f5 26. g3 Bg5 27. Rc2
Be3+ 28. Ke2 Bxd2 29. Rxd2 Ne7 30. Rc2 Nd5 31. Bc1 Nf7 32. Bd2 Rhc8 33. Rac1
Rc6 34. Rc4 h5 35. Nc2 gxf3+ 36. Kxf3 e4+ 37. Kg2 Ra6 38. Nxd4+ Kd7 39. dxe4
fxe4 40. a4 Ne5 41. R4c2 Rxa4 42. Nf5 Kc6 43. Ne3 Rf8 44. Nxd5 Kxd5 45. Rb1 Rf7
46. Bf4 Nd3 47. Bd6 Rc4 48. Rxc4 Kxc4 49. Ra1 a6 50. c6 bxc6 51. Rxa6 c5 52.
Ra2 e3 53. Bf4 Kd4 54. Ra4+ c4 55. Bxe3+ Kxe3 56. Rxc4 Rb7 57. Rc8 Rb2+ 58. Kh3
1/2-1/2

[Event "Landesklasse West 2011/2012"]
[Site "?"]
[Date "2011.03.04"]
[Round "7"]
[White "Kirsch, Uwe"]
[Black "Schulz, Tilo"]
[Result "0-1"]
[WhiteElo "1863"]
[BlackElo "1870"]
[PlyCount "112"]
[EventDate "2011.??.??"]
[WhiteTeam "TSG Ruhla"]
[BlackTeam "Randspringer Bad Salzungen"]

1. d4 c5 2. d5 Nf6 3. c4 g6 4. Nc3 d6 5. g3 Bg7 6. Bg2 O-O 7. Nf3 Na6 8. O-O
Nc7 9. Re1 Rb8 10. Rb1 b5 11. cxb5 Nxb5 12. Nxb5 Rxb5 13. Nd2 Bd7 14. b3 Qc8
15. Qc2 Bh3 16. Bh1 Nd7 17. Nc4 Ne5 18. Bd2 Qc7 19. Be4 Nxc4 20. Qxc4 Rfb8 21.
Bd3 R5b7 22. Qc2 a5 23. a4 Ra7 24. Bc4 Bc8 25. Qd3 h5 26. h4 Bd7 27. Kg2 Qc8
28. Rh1 Qc7 29. Rhc1 Qc8 30. Kh2 Qc7 31. Qc2 Rab7 32. Kg2 Qc8 33. Bxa5 Bf5 34.
e4 Bh3+ 35. Kh2 Bg4 36. Ba6 Bf3 37. Bf1 Qg4 38. Re1 Be5 39. Bg2 Qxh4+ 40. Kg1
Qf6 41. Re3 Bg4 42. Rd3 h4 43. gxh4 Qxh4 44. Kf1 Kg7 45. Bc3 Qf6 46. Bxe5 Qxe5
47. Rg3 Bd7 48. Re1 Rh8 49. Qd2 Rb4 50. Rd3 Rhb8 51. Rg3 Rxb3 52. Rxb3 Rxb3 53.
a5 Rb2 54. Qe3 Ra2 55. f4 Qb2 56. Qg3 Qd4 0-1

[Event "Landesklasse West 2011/2012"]
[Site "?"]
[Date "2011.03.04"]
[Round "7"]
[White "Essegern, Uwe"]
[Black "Thrän, Uwe"]
[Result "1-0"]
[WhiteElo "1875"]
[BlackElo "1800"]
[PlyCount "123"]
[EventDate "2011.??.??"]
[WhiteTeam "Randspringer Bad Salzungen"]
[BlackTeam "TSG Ruhla"]

1. d4 Nf6 2. Nf3 d5 3. e3 Bg4 4. c4 Bxf3 5. Qxf3 e6 6. Nc3 c6 7. Bd3 Be7 8. O-O
Nbd7 9. Qg3 g6 10. b3 Qb8 11. f4 Qc7 12. a4 Bb4 13. Na2 Be7 14. Bd2 Ne4 15.
Bxe4 dxe4 16. Bc3 Bf6 17. Rac1 O-O 18. Rfd1 Rfd8 19. Qf2 Bg7 20. g4 f5 21. g5
Rac8 22. Qb2 b6 23. Rd2 Qb7 24. Rcd1 b5 25. axb5 cxb5 26. c5 Nb8 27. b4 Qd5 28.
Nc1 Nc6 29. Ne2 Ra8 30. Ra1 Rdb8 31. Ra6 Rb7 32. Qa2 Rc8 33. Rc2 Kf7 34. Be1 h6
35. h4 hxg5 36. hxg5 Qd7 37. Qb3 Qd5 38. Qa2 Qd7 39. Qb3 Qd5 40. Qxd5 exd5 41.
Rca2 Bf8 42. Bd2 Be7 43. Kf2 Bd8 44. Ra1 Be7 45. Rh1 Kg7 46. Rh6 Bd8 47. Ra1
Rbb8 48. Rah1 Bc7 49. Rh7+ Kf8 50. Rd7 Ke8 51. Rg7 Ne7 52. Rhh7 Bd8 53. Nc3 Kf8
54. Rf7+ Ke8 55. Rf6 a5 56. Rh8+ Kd7 57. Rd6+ Kc7 58. Rh7 Rb7 59. Nxd5+ Kb8 60.
bxa5 Nxd5 61. Rxb7+ Kxb7 62. Rxd5 1-0

[Event "Landesklasse West 2011/2012"]
[Site "?"]
[Date "2011.03.04"]
[Round "7"]
[White "Büchel, Bernd"]
[Black "Roth, Ralf"]
[Result "1/2-1/2"]
[WhiteElo "1801"]
[BlackElo "1853"]
[PlyCount "96"]
[EventDate "2011.??.??"]
[WhiteTeam "TSG Ruhla"]
[BlackTeam "Randspringer Bad Salzungen"]

1. e4 d6 2. d4 Nf6 3. Bd3 g6 4. f4 Bg7 5. Nf3 O-O 6. O-O c5 7. c3 Bg4 8. h3 Bd7
9. Be3 Qc8 10. Kh2 Na6 11. Nbd2 b5 12. b3 Rb8 13. Qe2 cxd4 14. cxd4 Nb4 15.
Rac1 Qb7 16. Bb1 Rfc8 17. a3 Nc6 18. Bd3 a6 19. Rfd1 Nd8 20. b4 Rc7 21. Rxc7
Qxc7 22. Nb1 Rc8 23. Rc1 Qb8 24. Rxc8 Qxc8 25. Qc2 Qxc2 26. Bxc2 Ne8 27. Nc3
Nc7 28. Bb3 Be6 29. Bc2 Nb7 30. g4 a5 31. Bd3 Bd7 32. Nd1 Na6 33. Bd2 axb4 34.
axb4 e6 35. Bc3 Bf8 36. d5 exd5 37. exd5 Nc7 38. Ne3 Bg7 39. Bxg7 Kxg7 40. Nd4
Nd8 41. Ndc2 f6 42. Nd4 Nf7 43. Kg3 g5 44. f5 Ne5 45. Be2 Kf7 46. Kf2 Ke7 47.
Ke1 Na6 48. Ndc2 Kd8 1/2-1/2

[Event "Landesklasse West 2011/2012"]
[Site "?"]
[Date "2011.03.04"]
[Round "7"]
[White "Feldmann, Bernd"]
[Black "Hagen, Matthias"]
[Result "1/2-1/2"]
[WhiteElo "1818"]
[BlackElo "1638"]
[PlyCount "67"]
[EventDate "2011.??.??"]
[WhiteTeam "Randspringer Bad Salzungen"]
[BlackTeam "TSG Ruhla"]

1. d4 c5 2. d5 e5 3. c4 d6 4. Nc3 a6 5. Nf3 Nf6 6. Bg5 Be7 7. e3 Bg4 8. Bxf6
Bxf6 9. h3 Bh5 10. e4 O-O 11. g4 Bg6 12. h4 h5 13. g5 Be7 14. Be2 f5 15. gxf6
Bxf6 16. Rg1 Qe8 17. Qd2 Nd7 18. O-O-O Kh7 19. Rg2 Qe7 20. Rdg1 Be8 21. Nd1 Rg8
22. Ng5+ Bxg5 23. hxg5 g6 24. Ne3 Nf8 25. Bxh5 gxh5 26. Nf5 Qd7 27. g6+ Rxg6
28. Rxg6 Nxg6 29. Qh6+ Kg8 30. Rxg6+ Bxg6 31. Qxg6+ Kh8 32. Qh6+ Kg8 33. Qg6+
Kh8 34. Qh6+ 1/2-1/2

[Event "Landesklasse West 2011/2012"]
[Site "?"]
[Date "2011.03.04"]
[Round "7"]
[White "Voß, Ewald"]
[Black "Kunze, Heinz"]
[Result "1-0"]
[WhiteElo "1648"]
[BlackElo "1701"]
[PlyCount "97"]
[EventDate "2011.??.??"]
[WhiteTeam "TSG Ruhla"]
[BlackTeam "Randspringer Bad Salzungen"]

1. e4 c5 2. c3 d5 3. exd5 Qxd5 4. d4 e6 5. Nf3 Nc6 6. Be3 cxd4 7. cxd4 Nf6 8.
Nc3 Qd8 9. Bb5 Bd7 10. O-O a6 11. Be2 Be7 12. a3 O-O 13. h3 Nd5 14. Bc4 Nxc3
15. bxc3 Na5 16. Bd3 Rc8 17. Ne5 b5 18. Qh5 f5 19. Rfe1 Be8 20. Qe2 Bf6 21. Bd2
Nb3 22. Rad1 Bxe5 23. Qxe5 Bf7 24. Qe2 Qd5 25. Bb1 Nxd2 26. Qxd2 Rfe8 27. Re5
Qc6 28. Rc1 Qd6 29. Qb2 Rc7 30. Ba2 Rce7 31. Rce1 g6 32. Qc1 Kg7 33. h4 h5 34.
f3 Bg8 35. g4 fxg4 36. fxg4 hxg4 37. h5 Bf7 38. Qg5 Rh8 39. hxg6 Bxg6 40. Bb1
Rh6 41. Rf1 Kh7 42. Rf6 Rg7 43. Rfxe6 Qf8 44. Bxg6+ Rgxg6 45. Rxg6 Rxg6 46.
Re7+ Kh8 47. Qe5+ Qf6 48. Qb8+ Rg8 49. Qh2+ 1-0